Normal view
MARC view
Entry Corporate Name
001 - CONTROL NUMBER
- control field: 34519
003 - CONTROL NUMBER IDENTIFIER
- control field: MY-SjTCS
005 - DATE AND TIME OF LATEST TRANSACTION
- control field: 20191205122832.0
008 - FIXED-LENGTH DATA ELEMENTS
- fixed length control field: 090714 n a|n||aab| n a|a d
039 #9 -
- : 200907141612
- : shuhada
040 ## - CATALOGING SOURCE
- Original cataloging agency: MY-SjTCS
- Transcribing agency: MY-SjTCS
110 2# - HEADING--CORPORATE NAME
- Corporate name or jurisdiction name as entry element: Eidgenössische Technische Hochschule Zürich.
- Subordinate unit: ETH Wohnforum.
410 2# - SEE FROM TRACING--CORPORATE NAME
- Corporate name or jurisdiction name as entry element: Eidgenössische Technische Hochschule Zürich.
- Subordinate unit: Departement Architektur.
- Subordinate unit: ETH Wohnforum
410 2# - SEE FROM TRACING--CORPORATE NAME
- Corporate name or jurisdiction name as entry element: ETH Wohnforum (Eidgenössische Technische Hochschule Zürich)
999 ## -
- : VIRTUA40 x
999 ## -
- : VTLSSORT0080*1100*4100*4101*9991